000 00387nam a2200169Ia 4500
001 18283
003 IN-NITTTR
005 20251114233213.0
008 251113s9999||||xx |||||||||||||| ||eng||
040 _beng
040 _cIN-NITTTR
041 _aeng
082 _a620.106 K96E
100 _aKumar, K. L.
245 0 _aEngineering fluid mechanics. /
_cKumar, K. L.
942 _2ddc
_cBK
999 _c20917
_d20917